000 00260nam a2200097Ia 4500
001 1212198
005 20250827024450.0
008 250824s9999 xx 000 0 und d
245 0 _aAHMET HAŞİM
_cYAKUP KADRİ KARAOSMANOĞLU
260 _bİLETİŞİM YAYINLARI
999 _c1212198
_d1212198